[Event "FIDE Online Olympiad"]
[Site "Chess.com"]
[Date "2020.08.23"]
[EventDate "2020.08.21"]
[Round "9"]
[Result "1-0"]
[White "Annie Wang"]
[Black "Maili-Jade Ouellet"]
[WhiteElo "2384"]
[BlackElo "2113"]
[Source "Chess-Results"]
[PlyCount "107"]

1. d4 Nf6 2. c4 e6 3. Nc3 Bb4 4. Qc2 O-O 5. a3 Bxc3+ 6. Qxc3
d5 7. Bg5 c5 8. e3 cxd4 9. Qxd4 Nc6 10. Qc3 Ne4 11. Bxd8 Nxc3
12. Bh4 Ne4 13. cxd5 exd5 14. Nf3 Be6 15. Bd3 f6 16. Rc1 Rfd8
17. Ke2 Rac8 18. Bb1 Nd6 19. Nd2 Nf5 20. Bg3 d4 21. Bxf5 Bxf5
22. e4 Be6 23. Kd3 Rd7 24. f4 f5 25. e5 Bd5 26. Rhg1 Rdc7
27. Rce1 Kf7 28. Bf2 Rd8 29. g3 Na5 30. Rc1 Nc6 31. b4 Rdc8
32. Rc5 Be6 33. Rgc1 b6 34. R5c2 b5 35. Bxd4 Ke8 36. Bc5 Ne7
37. Bxe7 Rxc2 38. Rxc2 Rxc2 39. Kxc2 Kxe7 40. Kc3 Kd7 41. Nb3
Bc4 42. Na5 Be6 43. Kd4 Kc7 44. Kc5 a6 45. Nc6 g6 46. Nd4 Bc4
47. a4 Bd3 48. axb5 axb5 49. Nxb5+ Kb7 50. Nd4 Be4 51. Kd6 Kc8
52. e6 Kd8 53. e7+ Ke8 54. Ne6 1-0

[Event "FIDE Online Olympiad"]
[Site "Chess.com"]
[Date "2020.08.23"]
[EventDate "2020.08.21"]
[Round "9"]
[Result "1-0"]
[White "Stavroula Tsolakidou"]
[Black "Juliana Sayumi Terao"]
[WhiteElo "2302"]
[BlackElo "2212"]
[Source "Chess-Results"]
[PlyCount "97"]

1. e4 e5 2. Nf3 Nc6 3. Bb5 a6 4. Ba4 d6 5. d4 b5 6. Bb3 Nxd4
7. Nxd4 exd4 8. c3 dxc3 9. Nxc3 Nf6 10. O-O Be7 11. f4 O-O
12. e5 Nd7 13. Qf3 Rb8 14. Be3 dxe5 15. Rad1 Qe8 16. Qg3 Bc5
17. Rfe1 exf4 18. Qxf4 Bd6 19. Qh4 Ne5 20. Bc2 f5 21. Bf4 Be7
22. Qg3 Ng6 23. Bxc7 Rb7 24. Nd5 Bc5+ 25. Kh1 Qc6 26. b4 f4
27. Qc3 Rxc7 28. Nxc7 Qxc7 29. Qxc5 Qxc5 30. bxc5 Bb7 31. Be4
Bxe4 32. Rxe4 Rc8 33. Rc1 Rc6 34. Rd4 Kf7 35. Rd6 Rxd6
36. cxd6 Ke6 37. Rc7 Kxd6 38. Rxg7 Ne5 39. Rxh7 a5 40. Rh4 f3
41. g4 b4 42. g5 Ke6 43. Rf4 Ke7 44. h4 Ng6 45. Re4+ Kd7
46. h5 Ne7 47. Rf4 Ke6 48. g6 a4 49. Rxf3 1-0

[Event "FIDE Online Olympiad"]
[Site "Chess.com"]
[Date "2020.08.23"]
[EventDate "2020.08.21"]
[Round "9"]
[Result "1-0"]
[White "Beatriz Maria Frattini"]
[Black "Anastasia Avramidou"]
[WhiteElo "1717"]
[BlackElo "2052"]
[Source "Chess-Results"]
[PlyCount "139"]

1. e4 e6 2. d4 d5 3. Nc3 Bb4 4. e5 c5 5. a3 Bxc3+ 6. bxc3 Ne7
7. Qg4 Kf8 8. Nf3 Nbc6 9. Bd3 Qa5 10. Bd2 c4 11. Be2 Qa4
12. Ra2 h6 13. O-O b6 14. Rb1 Bd7 15. Qh5 Ng6 16. Nh4 Nxh4
17. Qxh4 Ne7 18. f4 Nf5 19. Qf2 h5 20. g3 Ke7 21. Bf3 Rag8
22. h4 Kd8 23. Kh2 Kc7 24. Qe2 g6 25. Rb4 Qc6 26. a4 a5
27. Rb1 Rb8 28. Qd1 Kb7 29. Qh1 Ka7 30. Rbb2 Qc8 31. Qb1 Qd8
32. Qe1 f6 33. Rb1 Rg8 34. Bg2 g5 35. fxg5 fxg5 36. Bxg5 Rxg5
37. hxg5 Qxg5 38. Bh3 h4 39. Bxf5 Qxf5 40. Qf1 hxg3+ 41. Kg2
Qh5 42. Qf6 Qh2+ 43. Kf3 Rf8 44. Qxf8 Qf2+ 45. Kg4 Qxf8
46. Kxg3 Qg7+ 47. Kf2 Qf7+ 48. Ke3 Qe8 49. Rab2 Qd8 50. Ra2
Qh4 51. Rab2 Qg3+ 52. Ke2 Be8 53. Rxb6 Bh5+ 54. Kf1 Qf4+
55. Kg1 Qe3+ 56. Kh2 Qf2+ 57. Kh3 Qf7 58. R6b5 Qc7 59. Kh4 Be8
60. Rc5 Qd8+ 61. Kg4 Ka6 62. Ra1 Bd7 63. Rb1 Bxa4 64. Ra1 Qe8
65. Kg5 Bb5 66. Kf6 a4 67. Rc7 Qd8+ 68. Re7 Qd7 69. Rxd7 Bxd7
70. Ke7 1-0

[Event "FIDE Online Olympiad"]
[Site "Chess.com"]
[Date "2020.08.23"]
[EventDate "2020.08.21"]
[Round "9"]
[Result "1-0"]
[White "Lorenzo Lodici"]
[Black "Antonio Almiron"]
[WhiteElo "2289"]
[BlackElo "2329"]
[Source "Chess-Results"]
[PlyCount "95"]

1. d4 Nf6 2. c4 e6 3. Nc3 Bb4 4. f3 c5 5. d5 d6 6. e4 O-O
7. Ne2 b5 8. Nf4 exd5 9. cxd5 a6 10. a4 bxa4 11. Be2 Nbd7
12. O-O Nb6 13. Nxa4 Bd7 14. Nc3 a5 15. Be3 Re8 16. Nb5 Qb8
17. Na3 Ba4 18. Qc1 Nfd7 19. h4 Bb3 20. Bb5 a4 21. Bc6 Ra5
22. Nd3 Rd8 23. Bd2 Bxd2 24. Qxd2 Ra7 25. Qc3 c4 26. Nb4 Nc5
27. h5 h6 28. Nb5 Ra5 29. Nd4 Rf8 30. Ra3 Qd8 31. Nf5 f6
32. Nd4 Nc8 33. Kh1 Ne7 34. Bb5 Qc7 35. Nxb3 Rxb5 36. Nd4 Rbb8
37. Qxc4 Qb6 38. Nd3 Nxd3 39. Qxd3 Qxb2 40. Rxa4 Rfc8 41. Ra7
Rc3 42. Qe2 Qb6 43. Rxe7 Qxd4 44. Qf2 Qc4 45. Qg3 g5 46. Qxd6
Qxf1+ 47. Kh2 Rcb3 48. Qe6+ 1-0

[Event "FIDE Online Olympiad"]
[Site "Chess.com"]
[Date "2020.08.23"]
[EventDate "2020.08.21"]
[Round "9"]
[Result "1-0"]
[White "Elena Sedina"]
[Black "Leticia Avalos"]
[WhiteElo "2264"]
[BlackElo "1684"]
[Source "Chess-Results"]
[PlyCount "49"]

1. e4 e6 2. d4 d5 3. e5 c5 4. c3 Nc6 5. Nf3 Qb6 6. a3 c4
7. Nbd2 a5 8. a4 Nge7 9. Be2 Nf5 10. h4 h6 11. h5 Bd7 12. g4
Nfe7 13. Bxc4 Nc8 14. Bd3 Qd8 15. Nf1 Nb6 16. Ng3 Qe7 17. Qb3
Qd8 18. Be3 Qc7 19. Nh4 Be7 20. f4 Rc8 21. Nf3 Nd8 22. O-O Nc4
23. Bc1 b6 24. Qc2 Nb7 25. b3 1-0

[Event "FIDE Online Olympiad"]
[Site "Chess.com"]
[Date "2020.08.23"]
[EventDate "2020.08.21"]
[Round "9"]
[Result "1-0"]
[White "Maria Palma"]
[Black "Helen Montiel Caceres"]
[WhiteElo "1942"]
[BlackElo "1206"]
[Source "Chess-Results"]
[PlyCount "155"]

1. c4 Nf6 2. Nf3 d6 3. g3 g6 4. Bg2 Bg7 5. O-O O-O 6. Nc3 Nbd7
7. d3 e5 8. Rb1 a5 9. a3 Rb8 10. b4 axb4 11. axb4 Re8 12. Ne1
h5 13. Nc2 Nf8 14. b5 Ne6 15. Nb4 Nd7 16. Ncd5 Ndc5 17. e3 Bd7
18. Nc3 Qc8 19. Nc2 Ng5 20. h4 Nh7 21. d4 exd4 22. exd4 Bg4
23. f3 Bf5 24. dxc5 Bxc3 25. cxd6 cxd6 26. Bf4 Qxc4 27. Ne3
Qc5 28. Qxd6 Qxd6 29. Bxd6 Bxb1 30. Bxb8 Bd3 31. Bf4 Bxf1
32. Bxf1 Bd4 33. Kf2 Nf6 34. Bc4 Rc8 35. Bd3 Rc3 36. Ke2 Nd7
37. Nd5 Rb3 38. Bc4 Rb2+ 39. Kd3 Bg7 40. Ke4 Nc5+ 41. Ke3 Rc2
42. Be2 Ne6 43. Bd6 Ra2 44. Bc4 Rc2 45. Ne7+ Kh7 46. Bd5 Rc3+
47. Kd2 Ra3 48. Bxa3 Nd4 49. Bxb7 Nxb5 50. Bc5 Nc7 51. Bc6 Ne6
52. Be3 Bf6 53. Nd5 Bd8 54. Be8 Kg7 55. Kd3 Kf8 56. Ba4 Kg7
57. Ke4 f6 58. Bb5 Kf7 59. Bb6 Bxb6 60. Nxb6 Nc5+ 61. Ke3 Ke6
62. Bc4+ Kd6 63. Nd5 Nd7 64. Nf4 Kc5 65. Be6 Ne5 66. Bf7 g5
67. Nxh5 Nxf7 68. Nxf6 gxh4 69. gxh4 Kd6 70. Kf4 Ke6 71. Ne4
Nh8 72. Kg5 Kf7 73. h5 Kg7 74. Nd6 Kh7 75. f4 Kg7 76. f5 Kh7
77. Kf6 Kh6 78. Nf7+ 1-0